Risaralda (Record no. 24118)

MARC details
000 -LEADER
campo de control de longitud fija 01187cac a2200217 a 4500
003 - IDENTIFICADOR DE NÚMERO DE CONTROL
campo de control Co-PeBPM
005 - FECHA Y HORA DE LA ÚLTIMA TRANSACCIÓN
campo de control 20241125210648.0
008 - DATOS DE LONGITUD FIJA--INFORMACIÓN GENERAL
campo de control de longitud fija 231129e2010||||xx o||||||||||||| ||spa||
040 0# - FUENTE DE CATALOGACIÓN
Centro catalogador/agencia de origen Co-PeBPM
Lengua de catalogación spa
Centro/agencia transcriptor Co-PeBPM
Normas de descripción rda
041 0# - CÓDIGO DE IDIOMA
Código de lengua del texto/banda sonora o título independiente spa
082 04 - NÚMERO DE LA CLASIFICACIÓN DECIMAL DEWEY
Número de clasificación 918.63 R595p
110 1# - ENTRADA PRINCIPAL--NOMBRE DE ENTIDAD CORPORATIVA
Nombre de entidad corporativa o nombre de jurisdicción como elemento de entrada Gobernación de Risaralda
Término indicativo de función/relación autor
245 10 - MENCIÓN DEL TÍTULO
Título Risaralda
Resto del título : patrimonio cultural gastronómico y arquitectónico
Mención de responsabilidad, etc. / Gobernación de Risaralda
250 ## - MENCION DE EDICION
Mención de edición Primera edición
260 ## - PUBLICACIÓN, DISTRIBUCIÓN, ETC.
Lugar de publicación, distribución, etc. Pereira, Colombia
Nombre del editor, distribuidor, etc. : Gobernación de Risaralda
Fecha de publicación, distribución, etc. 2010
504 ## - NOTA DE BIBLIOGRAFÍA, ETC.
Nota de bibliografía, etc. Incluye bibliografía.
505 ## - NOTA DE CONTENIDO CON FORMATO
Nota de contenido con formato 1.Introducción -- 2.Club de leones Pereira - Maraya -- 3.Historia del departamento de Risaralda -- 4.El mito fundacional y el imaginario del barrio -- 5.Apia -- 6.Balboa -- 7.Belén de Umbria -- 8.Dosquebradas -- 9.Guática -- 10.La Celia -- 11.La Virginia -- 12.Marsella -- 13.Mistrató -- 14.Pereira -- 15.Pueblo Rico -- 16.Quinchia -- 17.Santa Rosa de Cabal -- 18.Santuario -- 19.Patrimonio Natural, Histórico y cultural -- 20.Risaralda Patrimonio Arquitectónico -- 21.Biografías.
650 14 - PUNTO DE ACCESO ADICIONAL DE MATERIA--TÉRMINO DE MATERIA
Fuente del encabezamiento o término LEMB
Término de materia o nombre geográfico como elemento de entrada Arquitectura diseños
Subdivisión geográfica Risaralda
650 14 - PUNTO DE ACCESO ADICIONAL DE MATERIA--TÉRMINO DE MATERIA
Fuente del encabezamiento o término LEMB
Término de materia o nombre geográfico como elemento de entrada Patrimonio cultural
Subdivisión geográfica Colombia
942 ## - ELEMENTOS DE ENTRADA SECUNDARIOS (KOHA)
Fuente del sistema de clasificación o colocación Clasificación Decimal Dewey
Tipo de ítem Koha Libros
Holdings
Estatus retirado Estado de pérdida Fuente del sistema de clasificación o colocación Estado de daño No para préstamo Colección Biblioteca de origen Biblioteca actual Ubicación en estantería Fecha de adquisición Total de préstamos Signatura topográfica completa Código de barras Visto por última vez Copia número Precio de reemplazo Tipo de ítem Koha
    Clasificación Decimal Dewey     General BIBLIOTECA PÚBLICA MUNICIPAL RAMON CORREA MEJIA BIBLIOTECA PÚBLICA MUNICIPAL RAMON CORREA MEJIA Colección general 18/10/2018   918.63 R595p 60684 29/11/2023 Ej.1 29/11/2023 Libros

Powered by Koha